000 00503nam a2200181Ia 4500
008 100917s9999 xx 000 0 und d
082 _b39799
100 _aबारवाडे गणपत
245 _aबायकोचा भाऊ
260 _bशेटये प्रकाशन
_c1976
300 _a88
365 _b5
520 _aनाटक
630 _aबायकोचा भाऊ
650 _aनाटक
730 _aबायकोचा भाऊ
942 _cBOOK
999 _c645193
_d645190